Mort subite : gares desservies par le TGV Lyria - Statistiques

Statistiques générales
  • Ce quiz a été pris 142 fois
  • Le résultat moyen est 5 sur 10
Answers on the Grid
Answers color-coded by a green-red scale on the quiz's grid according to % correct below.
Zurich HB
Genève Cornavin
Neuchâtel
Basel SBB
Basel Bad HB
Strasbourg
Frasne
Besançon-Viotte
Dôle
Lyon Part-Dieu
Paris-Gare de Lyon
Zurich Flughafen
Berne
Interlaken-Est
Val-de-Travers
Sion
Lausanne-Gare
Bourg-en-Bresse
Bellegarde sur Valserine
Mulhouse
Morteau
Paris-Gare de l'Est
Lugano
Valence-TGV-Rhône-Alpes-Sud
 
Statistiques - réponses
Réponse % Correct
Gare de départ des trains vers Genève, Lausanne, Zurich et Bâle Paris-Gare de Lyon
71%
Ligne Paris-Zurich Zurich HB
63%
Ligne Paris-Lausanne Lausanne-Gare
56%
Ligne Paris-Genève Genève Cornavin
50%
Ligne Paris-Genève Bourg-en-Bresse
47%
Ligne Paris-Bâle/Zurich Basel SBB
46%
Ligne Paris-Bâle/Mulhouse Mulhouse
41%
Ligne Paris-Genève Bellegarde sur Valserine
40%
Ligne Paris-Lausanne Frasne
40%
Ligne Paris-Lausanne Dôle
38%
Aucun quiz correspondant
Distribution des résultats
% des personnes avec chaque résultat
Percentile par nombre de réponses
Votre historique - résultats
Vous n’avez pas pris ce quiz